| 000 | 00517nam a2200145Ia 4500 | ||
|---|---|---|---|
| 008 | 220216s9999 xx 000 0 und d | ||
| 100 | _aSilva Karnika K G de | ||
| 245 | 0 | _aKinetic study of the graft polymerization of unsaturated monomers with natural rubber latex and with deproteinized natural rubber latex | |
| 260 |
_bJournal of the Rubber Research Institute of Sri Lanka _c1994 |
||
| 300 | _a57-78 | ||
| 650 | _aGraft polymerization | ||
| 650 | _aNatural rubber latex | ||
| 700 | _aHamielec A E | ||
| 942 | _cJS | ||
| 999 |
_c61863 _d61863 |
||